[Event "Oberliga Sued W 0607"]
[Site "Germany"]
[Date "2007.02.25"]
[Round "7.4"]
[White "Bruch, Ingo"]
[Black "Schluchter, Steffen"]
[Result "1-0"]
[WhiteElo "2306"]
[BlackElo "2128"]
[PlyCount "71"]
[EventDate "2006.10.15"]
[EventType "team-tourn"]
[EventRounds "9"]
[EventCountry "GER"]
[SourceTitle "EXT 2009"]
[Source "ChessBase"]
[SourceDate "2008.11.26"]
[SourceVersion "1"]
[SourceVersionDate "2008.11.26"]
[SourceQuality "1"]
[WhiteTeam "Saarbruecken"]
[BlackTeam "Mutterstadt"]
[WhiteTeamCountry "GER"]
[BlackTeamCountry "GER"]

1. d4 Nf6 2. Nf3 c5 3. d5 g6 4. g3 Bg7 5. Bg2 0-0 6. 0-0 d6 7. c4 Na6 8. Nc3 Nc7 9. e4 Bd7 10. a4 b6 11. h3 a6 12. e5 Nfe8 13. Re1 dxe5 14. Nxe5 Nd6 15. Qe2 Re8 16. Bf4 Rb8 17. g4 f6 18. Nxd7 Qxd7 19. Qd3 Kf7 20. Qg3 Rb7 21. Bf1 Rd8 22. Rad1 Nce8 23. Re6 Bf8 24. Rde1 Kg8 25. Bd3 Qc8 26. h4 b5 27. cxb5 c4 28. Bb1 axb5 29. h5 bxa4 30. hxg6 hxg6 31. Bxg6 Qc5 32. Qh2 Bg7 33. Rxd6 Nxd6 34. Qh7+ Kf8 35. Bh6 e5 36. Qh8+ 1-0

[Event "Staufer op 13th"]
[Site "Schwaebisch Gmuend"]
[Date "2001.??.??"]
[Round "3"]
[White "Bruch, Ingo"]
[Black "Friedrich, Wolfgang"]
[Result "1-0"]
[WhiteElo "2330"]
[BlackElo "2095"]
[PlyCount "70"]
[EventDate "2001.01.??"]
[EventType "swiss"]
[EventRounds "9"]
[EventCountry "GER"]
[SourceTitle "CBM 080 Extra"]
[Source "ChessBase"]
[SourceDate "2001.03.08"]
[SourceVersion "1"]
[SourceVersionDate "2001.03.08"]
[SourceQuality "1"]

1. d4 e6 2. e4 d5 3. exd5 exd5 4. Nf3 Bd6 5. c4 c6 6. Nc3 Nf6 7. Bg5 Be6 8. Qb3 Qb6 9. Bxf6 gxf6 10. c5 Qxb3 11. axb3 Bf4 12. b4 Nd7 13. g3 Bc7 14. b5 0-0 15. Bd3 Bg4 16. Nh4 Rfe8+ 17. Kd2 Nf8 18. Bf5 Bh5 19. bxc6 bxc6 20. Ra6 Ne6 21. Rxc6 Ba5 22. Bxe6 Rxe6 23. Rxe6 fxe6 24. Ra1 Bb4 25. Ra6 Kf7 26. Kd3 Bxc3 27. Kxc3 Ke7 28. Ng2 e5 29. Ne3 Bf3 30. b4 exd4+ 31. Kxd4 f5 32. b5 Kd7 33. Nxf5 Kc7 34. Rxa7+ Rxa7 35. b6+ Kb7 1-0

[Event "Staufer op 13th"]
[Site "Schwaebisch Gmuend"]
[Date "2001.??.??"]
[Round "8"]
[White "Rau, Juergen"]
[Black "Bruch, Ingo"]
[Result "0-1"]
[WhiteElo "2152"]
[BlackElo "2330"]
[PlyCount "98"]
[EventDate "2001.01.??"]
[EventType "swiss"]
[EventRounds "9"]
[EventCountry "GER"]
[SourceTitle "CBM 080 Extra"]
[Source "ChessBase"]
[SourceDate "2001.03.08"]
[SourceVersion "1"]
[SourceVersionDate "2001.03.08"]
[SourceQuality "1"]

1. Nf3 d5 2. d4 Nc6 3. c4 Bg4 4. Nc3 e6 5. cxd5 exd5 6. Bg5 Be7 7. Bxe7 Ngxe7 8. e3 0-0 9. Be2 Ng6 10. Ne5 Ncxe5 11. Bxg4 Nxg4 12. Qxg4 f5 13. Qf3 c6 14. g3 Qd6 15. h4 a5 16. h5 Nh8 17. Kf1 Nf7 18. Kg2 Nh6 19. Ne2 Rae8 20. Nf4 Ng4 21. Qe2 Rf6 22. Rac1 Qe7 23. Rc5 Rh6 24. Qc2 Qf8 25. Qb1 a4 26. Rc3 g5 27. hxg6 hxg6 28. Rcc1 Rxh1 29. Rxh1 Qb4 30. Nxg6 Qd2 31. Qe1 Nxe3+ 32. Kh3 Qxd4 33. fxe3 Qg4+ 34. Kg2 Qxg6 35. Qc3 Qg7 36. Qxg7+ Kxg7 37. Kf3 Re4 38. Rh2 Rb4 39. Rc2 Kf6 40. Rh2 Ke5 41. Rc2 Rc4 42. Rd2 c5 43. Rh2 Rb4 44. Rd2 b6 45. Rc2 Rc4 46. Rd2 Rc1 47. Rh2 b5 48. Rd2 b4 49. Rh2 Rf1+ 0-1

[Event "BL2-West 9899"]
[Site "Germany"]
[Date "1999.01.31"]
[Round "5.6"]
[White "Bruch, Ingo"]
[Black "Hammes, Michael"]
[Result "0-1"]
[WhiteElo "2303"]
[BlackElo "2333"]
[PlyCount "88"]
[EventDate "1998.10.??"]
[EventType "team-tourn"]
[EventRounds "9"]
[EventCountry "GER"]
[SourceTitle "GER-chT2"]
[Source "ChessBase"]
[SourceDate "1999.07.01"]
[SourceVersion "1"]
[SourceVersionDate "1999.07.01"]
[SourceQuality "1"]
[WhiteTeam "Saarbruecken"]
[BlackTeam "Andernach"]
[WhiteTeamCountry "GER"]
[BlackTeamCountry "GER"]

1. d4 e6 2. c4 Nf6 3. Nf3 d5 4. Nc3 Be7 5. cxd5 exd5 6. Bf4 c6 7. Qc2 Na6 8. a3 g6 9. e3 Bf5 10. Bd3 Bxd3 11. Qxd3 Nc7 12. h3 0-0 13. 0-0 Re8 14. b4 a6 15. Ne5 Bd6 16. Bh2 Nd7 17. f4 Qe7 18. Rf3 f6 19. Nxd7 Qxd7 20. f5 Bxh2+ 21. Kxh2 g5 22. Kg1 Nb5 23. Na4 Qf7 24. Nc5 Re7 25. Ne6 Nd6 26. g4 a5 27. Qc3 h5 28. bxa5 hxg4 29. hxg4 Rxe6 30. fxe6 Qxe6 31. Qe1 Qxg4+ 32. Rg3 Qh4 33. Rf3 Qxe1+ 34. Rxe1 Kg7 35. Ref1 f5 36. Rxf5 Nxf5 37. Rxf5 Kg6 38. Re5 Rxa5 39. e4 Rxa3 40. exd5 Ra5 41. d6 Rxe5 42. dxe5 Kf7 43. Kf2 Ke6 44. Ke3 c5 0-1

[Event "Staufer op 11th"]
[Site "Schwaebisch Gmuend"]
[Date "1999.??.??"]
[Round "6"]
[White "Reuss, Andreas"]
[Black "Bruch, Ingo"]
[Result "0-1"]
[WhiteElo "2170"]
[BlackElo "2325"]
[PlyCount "80"]
[EventDate "1999.01.02"]
[EventType "swiss"]
[EventRounds "9"]
[EventCountry "GER"]
[SourceTitle "CBM 068 Extra"]
[Source "ChessBase"]
[SourceDate "1999.03.01"]
[SourceVersion "1"]
[SourceVersionDate "1999.03.01"]
[SourceQuality "1"]

1. e4 e6 2. d4 d5 3. Nc3 Bb4 4. exd5 exd5 5. Bd3 Nf6 6. Nge2 0-0 7. 0-0 Bg4 8. f3 Be6 9. a3 Bd6 10. b4 a5 11. b5 Nbd7 12. Bf4 Nb6 13. Be5 Nc4 14. Bxc4 dxc4 15. Nf4 Qe7 16. Nxe6 Qxe6 17. f4 Rad8 18. f5 Qe7 19. Qe2 Rfe8 20. Rad1 Bxa3 21. Qxc4 Ng4 22. Nd5 Qd7 23. Qe2 h5 24. c4 f6 25. Qf3 fxe5 26. Qxa3 c6 27. bxc6 bxc6 28. Nb6 Qa7 29. c5 exd4 30. Qh3 Qf7 31. Rf4 d3 32. Qf3 Qe7 33. Nc4 Qxc5+ 34. Kh1 Rd4 35. Rxd4 Qxd4 36. h3 Nf2+ 37. Kh2 Nxd1 38. Qxh5 Qf4+ 39. g3 Qf2+ 40. Kh1 Re1# 0-1

[Event "Oberliga Sued W 9697"]
[Site "Germany"]
[Date "1997.??.??"]
[Round "?"]
[White "Bruch, Ingo"]
[Black "Shpilker, Boris"]
[Result "0-1"]
[WhiteElo "2305"]
[BlackElo "2360"]
[PlyCount "84"]
[EventDate "1996.10.??"]
[EventType "team"]
[EventRounds "9"]
[EventCountry "GER"]
[SourceTitle "EXT 2000"]
[Source "ChessBase"]
[SourceDate "1999.11.16"]
[SourceVersion "1"]
[SourceVersionDate "1999.11.16"]
[SourceQuality "1"]

1. d4 Nf6 2. Nf3 e6 3. c4 Bb4+ 4. Bd2 a5 5. g3 b6 6. Bg2 Bb7 7. 0-0 0-0 8. Bf4 Be7 9. Nc3 Ne4 10. Qc2 Nxc3 11. Qxc3 Be4 12. Rfd1 d6 13. Ne1 Bxg2 14. Nxg2 Nd7 15. Qd3 c6 16. e4 Qb8 17. Rac1 Qb7 18. g4 b5 19. cxb5 cxb5 20. Rc2 Rfc8 21. Rdc1 Rxc2 22. Qxc2 Nf6 23. f3 d5 24. e5 Ne8 25. Qc6 Qxc6 26. Rxc6 Bd8 27. Kf1 Kf8 28. Bd2 Nc7 29. Ke2 Ke8 30. f4 Kd7 31. Rc1 Na6 32. f5 Bb6 33. Kd3 Nb4+ 34. Bxb4 axb4 35. Ra1 b3 36. a3 Ra4 37. Kc3 Rxd4 38. h3 Re4 39. Kxb3 Rxe5 40. Rf1 Kc6 41. Rf3 g5 42. h4 Re2 0-1

[Event "Staufer op 09th"]
[Site "Schwaebisch Gmuend"]
[Date "1997.??.??"]
[Round "7"]
[White "Bruch, Ingo"]
[Black "Ullrich, Farid Raoul"]
[Result "1-0"]
[WhiteElo "2320"]
[BlackElo "2165"]
[PlyCount "79"]
[EventDate "1997.01.??"]
[EventType "swiss"]
[EventRounds "9"]
[EventCountry "GER"]
[SourceTitle "EXT 1998"]
[Source "ChessBase"]
[SourceDate "1997.11.17"]
[SourceVersion "1"]
[SourceVersionDate "1997.11.17"]
[SourceQuality "1"]

1. d4 Nf6 2. Nf3 g6 3. c4 Bg7 4. Nc3 0-0 5. e4 d6 6. h3 e5 7. dxe5 dxe5 8. Qxd8 Rxd8 9. Bg5 Nbd7 10. 0-0-0 Rf8 11. Be3 c6 12. a3 b6 13. Bd3 Re8 14. b4 Bf8 15. Kb2 Bb7 16. Ne1 Be7 17. Bc2 c5 18. b5 Nf8 19. Nf3 Bd8 20. Bg5 N6d7 21. Bh6 Nf6 22. Rhe1 Bc7 23. Nd5 Bxd5 24. cxd5 Bd6 25. Nd2 Rec8 26. Nc4 Ne8 27. f4 Nd7 28. g4 a6 29. Ba4 a5 30. Bb3 f6 31. g5 fxg5 32. Bxg5 Kg7 33. Bh4 Ra7 34. a4 Rb7 35. Kc2 Bb8 36. d6 exf4 37. e5 Nxe5 38. Rxe5 Nf6 39. d7 Rxd7 40. Rxd7+ 1-0

[Event "Staufer op 09th"]
[Site "Schwaebisch Gmuend"]
[Date "1997.??.??"]
[Round "6"]
[White "Tuncer, Ufuk"]
[Black "Bruch, Ingo"]
[Result "0-1"]
[WhiteElo "2095"]
[BlackElo "2320"]
[PlyCount "130"]
[EventDate "1997.01.??"]
[EventType "swiss"]
[EventRounds "9"]
[EventCountry "GER"]
[SourceTitle "EXT 1998"]
[Source "ChessBase"]
[SourceDate "1997.11.17"]
[SourceVersion "1"]
[SourceVersionDate "1997.11.17"]
[SourceQuality "1"]

1. d4 Nc6 2. c4 e5 3. d5 Nce7 4. Nc3 Ng6 5. e4 Bc5 6. Nf3 Nf6 7. h3 0-0 8. a3 a5 9. Rb1 d6 10. g3 a4 11. Bg2 Bd7 12. 0-0 h6 13. Ne1 Nh7 14. Kh2 f5 15. Nd3 f4 16. Nxc5 dxc5 17. d6 c6 18. b4 axb3 19. Rxb3 Ra7 20. Nb1 Be6 21. Rc3 b6 22. Qh5 Qf6 23. Rd1 Rd7 24. Qe2 Ng5 25. Qb2 Qd8 26. Rb3 b5 27. cxb5 Bxb3 28. Qxb3+ Kh7 29. bxc6 Rxd6 30. Rxd6 Qxd6 31. Qd5 Qe7 32. Qd7 Qxd7 33. cxd7 Rd8 34. h4 Rxd7 35. Nc3 Rd3 36. Nd5 Nf3+ 37. Bxf3 Rxf3 38. Kg2 Rb3 39. h5 f3+ 40. Kh3 Nf8 41. a4 Nd7 42. a5 Rb1 43. Be3 Ra1 44. Kg4 Rxa5 45. Kxf3 Nf6 46. Nb6 Rb5 47. Nc4 Nxh5 48. Nxe5 Nf6 49. Bd2 Kg8 50. Nc4 Rb3+ 51. Kf4 g5+ 52. Kf5 Rf3+ 53. Kg6 Nxe4 54. Kxh6 Nxd2 55. Nxd2 Rd3 56. Nc4 Rd4 57. Ne3 c4 58. Kxg5 c3 59. g4 Rd2 60. f3 c2 61. Nxc2 Rxc2 62. f4 Kf7 63. f5 Rc4 64. Kh4 Kf6 65. Kh5 Rc1 0-1

[Event "Oberliga Sued W 9697"]
[Site "Germany"]
[Date "1996.??.??"]
[Round "?"]
[White "Ott, Wolfgang"]
[Black "Bruch, Ingo"]
[Result "0-1"]
[WhiteElo "2390"]
[BlackElo "2305"]
[PlyCount "106"]
[EventDate "1996.10.??"]
[EventType "team"]
[EventRounds "9"]
[EventCountry "GER"]
[SourceTitle "EXT 2000"]
[Source "ChessBase"]
[SourceDate "1999.11.16"]
[SourceVersion "1"]
[SourceVersionDate "1999.11.16"]
[SourceQuality "1"]

1. e4 e6 2. d3 d5 3. Nd2 Nc6 4. Ngf3 Nf6 5. e5 Nd7 6. d4 f6 7. exf6 Qxf6 8. c3 Bd6 9. Be2 e5 10. dxe5 Ncxe5 11. 0-0 0-0 12. c4 Nc5 13. b4 Ne4 14. Qb3 Nxf3+ 15. Nxf3 c5 16. bxc5 Bxc5 17. Bb2 Qh6 18. Rad1 Bg4 19. Rxd5 Rae8 20. Ba3 Nd2 21. Rxd2 Bxa3 22. Rfd1 Bxf3 23. c5+ Kh8 24. Rd6 Bxe2 25. Rxh6 Bxd1 26. Qxd1 Bb4 27. Kf1 Re1+ 28. Qxe1 Bxe1 29. Rh5 Bxf2 30. Ke2 Bd4 31. Kd3 Bf6 32. h4 h6 33. g4 Kg8 34. g5 hxg5 35. hxg5 Bb2 36. Rh2 Be5 37. Re2 Rd8+ 38. Kc4 Bf4 39. g6 Rc8 40. Kb5 Bg5 41. a4 Kf8 42. a5 Be7 43. Re5 Rc6 44. Rh5 Rxg6 45. Rh8+ Kf7 46. Rb8 a6+ 47. Kb4 Rg4+ 48. Kb3 Bxc5 49. Rxb7+ Ke6 50. Rb8 Rb4+ 51. Rxb4 Bxb4 52. Kxb4 Kd5 53. Kc3 Kc5 0-1

[Event "Oberliga Sued W 9596"]
[Site "Germany"]
[Date "1995.??.??"]
[Round "?"]
[White "Scherer, Ralf"]
[Black "Bruch, Ingo"]
[Result "0-1"]
[WhiteElo "2240"]
[BlackElo "2310"]
[PlyCount "62"]
[EventDate "1995.10.??"]
[EventType "team"]
[EventRounds "9"]
[EventCountry "GER"]
[SourceTitle "EXT 2000"]
[Source "ChessBase"]
[SourceDate "1999.11.16"]
[SourceVersion "1"]
[SourceVersionDate "1999.11.16"]
[SourceQuality "1"]

1. e4 e6 2. d4 d5 3. Nd2 Nf6 4. e5 Nfd7 5. c3 c5 6. Bd3 Nc6 7. Ne2 cxd4 8. cxd4 Qb6 9. Nf3 f6 10. exf6 Nxf6 11. 0-0 Bd6 12. a3 0-0 13. Nc3 a6 14. Bc2 Bd7 15. Re1 Qc7 16. Qd3 g6 17. Bh6 Ng4 18. Bxf8 Bxh2+ 19. Kf1 Rxf8 20. Re2 Qf4 21. Rd1 Qh6 22. Nxh2 Qxh2 23. Ke1 Qxg2 24. Qg3 Qh1+ 25. Kd2 Qh6+ 26. Ke1 Rf4 27. Rd3 Nxd4 28. Rxd4 Rxd4 29. Bd3 e5 30. Rxe5 Nxe5 31. Qxe5 Rxd3 0-1

[Event "BL2-West 9394"]
[Site "Germany"]
[Date "1994.??.??"]
[Round "?.4"]
[White "Baumhus, Reinhard"]
[Black "Bruch, Ingo"]
[Result "1/2-1/2"]
[WhiteElo "2360"]
[BlackElo "2295"]
[PlyCount "125"]
[EventDate "1993.10.??"]
[EventType "team-tourn"]
[EventRounds "9"]
[EventCountry "GER"]
[SourceTitle "GER-chT2"]
[Source "ChessBase"]
[SourceDate "1999.07.01"]
[SourceVersion "1"]
[SourceVersionDate "1999.07.01"]
[SourceQuality "1"]
[WhiteTeam "Gelsenkirchen"]
[BlackTeam "Saarbruecken"]
[WhiteTeamCountry "GER"]
[BlackTeamCountry "GER"]

1. e4 e6 2. Nf3 d5 3. exd5 exd5 4. d4 Nf6 5. c4 Bb4+ 6. Nc3 0-0 7. cxd5 Nxd5 8. Bd2 c5 9. a3 Re8+ 10. Be2 cxd4 11. axb4 d3 12. Bg5 Nxc3 13. bxc3 f6 14. Be3 dxe2 15. Qxd8 Rxd8 16. Kxe2 Be6 17. Rhd1 Nc6 18. Nd2 a6 19. h3 Re8 20. Kf1 Rad8 21. Kg1 Rd3 22. Rdc1 Bf7 23. Nf3 Bc4 24. Nd2 Rexe3 25. Nxc4 Re8 26. Ne3 Rc8 27. Rab1 Ne5 28. c4 Kf7 29. b5 axb5 30. Rxb5 Rd7 31. f4 Nc6 32. Rcb1 Nd8 33. f5 Rcc7 34. Nd5 Rxc4 35. Nb6 Rcd4 36. Nxd7 Rxd7 37. g4 Rd3 38. R1b3 Rd1+ 39. Kf2 Rd7 40. Rb6 Rd2+ 41. Ke3 Rd7 42. R3b4 Re7+ 43. Re4 Rc7 44. h4 h6 45. Rd6 Nc6 46. Kf4 Ne5 47. g5 hxg5+ 48. hxg5 Rc1 49. g6+ Kf8 50. Red4 Rf1+ 51. Ke4 Re1+ 52. Kd5 Nc6 53. Re4 Ne7+ 54. Kc5 Rc1+ 55. Kb5 Ke8 56. Rde6 Rc7 57. Rh4 Rc6 58. Rh8+ Kd7 59. Rxe7+ Kxe7 60. Rg8 Kd6 61. Rxg7 Rc5+ 62. Kb4 Rxf5 63. Rxb7 1/2-1/2

[Event "Giessen IM"]
[Site "Giessen"]
[Date "1994.??.??"]
[Round "2"]
[White "Bruch, Ingo"]
[Black "Mohandesi, Shahin"]
[Result "0-1"]
[WhiteElo "2295"]
[BlackElo "2305"]
[PlyCount "80"]
[EventDate "1994.02.??"]
[EventType "tourn"]
[EventRounds "11"]
[EventCountry "GER"]
[EventCategory "4"]
[SourceTitle "EXT 1997"]
[Source "ChessBase"]
[SourceDate "1996.11.15"]
[SourceVersion "1"]
[SourceVersionDate "1996.11.15"]
[SourceQuality "1"]

1. d4 Nf6 2. c4 g6 3. Nc3 Bg7 4. e4 d6 5. f4 0-0 6. Nf3 c5 7. d5 e6 8. Be2 exd5 9. exd5 Bf5 10. 0-0 Ne4 11. Nxe4 Bxe4 12. Bd3 Bxd3 13. Qxd3 Nd7 14. Bd2 Re8 15. Rae1 Rxe1 16. Rxe1 Qf8 17. b3 Re8 18. g4 Rxe1+ 19. Bxe1 Qe7 20. Bh4 Bf6 21. Bg3 Bg7 22. f5 Ne5 23. Bxe5 Bxe5 24. Kf1 Bf4 25. h4 gxf5 26. gxf5 h5 27. Qe2 Kf8 28. a4 Qxe2+ 29. Kxe2 Ke7 30. Ne1 Kf6 31. Kf3 Kxf5 32. Nd3 Bd2 33. Ke2 Bc3 34. Kf3 Be5 35. Ne1 Bf6 36. Ng2 Ke5 37. Ke3 Bg7 38. Kf3 Bh6 39. Ke2 Kd4 40. Ne1 Kc3 0-1

[Event "Giessen IM"]
[Site "Giessen"]
[Date "1994.??.??"]
[Round "8"]
[White "Bruch, Ingo"]
[Black "Tondivar, Babak"]
[Result "1/2-1/2"]
[WhiteElo "2295"]
[BlackElo "2345"]
[PlyCount "66"]
[EventDate "1994.02.??"]
[EventType "tourn"]
[EventRounds "11"]
[EventCountry "GER"]
[EventCategory "4"]
[SourceTitle "EXT 1997"]
[Source "ChessBase"]
[SourceDate "1996.11.15"]
[SourceVersion "1"]
[SourceVersionDate "1996.11.15"]
[SourceQuality "1"]

1. d4 e6 2. e4 d5 3. exd5 exd5 4. Nf3 Bd6 5. c4 dxc4 6. Bxc4 Nf6 7. 0-0 0-0 8. Nc3 Bg4 9. h3 Bh5 10. g4 Bg6 11. Ne5 c5 12. Nxg6 hxg6 13. dxc5 Bxc5 14. Qxd8 Rxd8 15. Bg5 Nc6 16. Rad1 Bd4 17. Kg2 Rac8 18. Rfe1 a6 19. Bf1 Kf8 20. Bc1 Bxc3 21. Rxd8+ Rxd8 22. bxc3 Nd5 23. c4 Ndb4 24. Ba3 a5 25. Bxb4+ axb4 26. c5 Rd2 27. Re2 Rd1 28. Rc2 g5 29. Be2 Rd4 30. Bf3 Ke7 31. Rb2 Nd8 32. Rc2 Nc6 33. Rb2 Nd8 1/2-1/2